Top Shotta - NLE Choppa - Statistics

General Stats
  • This quiz has been taken 6 times
  • The average score is 7 of 20
Answer Stats
Songs Plays Artists % Correct
Shotta Flow 3 119,379,344 NLE Choppa
83%
Shotta Flow 4 36,458,609 NLE Choppa, Chief Keef
83%
Shotta Flow 5 135,049,382 NLE Choppa
83%
Walk Em Down 656,075,508 NLE Choppa, Roddy Richh
83%
Camelot 620,686,846 NLE Choppa
67%
Make Em Say 20,960,777 NLE Choppa, Latto
50%
Narrow Road 131,067,291 NLE Choppa, Lil Baby
50%
Depression 17,208,172 NLE Choppa
33%
Can't Take It 5,050,238 NLE Choppa
17%
Daydream 13,247,508 NLE Choppa
17%
Double Bacc 9,465,679 NLE Choppa
17%
Gamble With My Heart 3,496,179 NLE Choppa
17%
Made It Happen 3,716,293 NLE Choppa
17%
Molly 4,592,881 NLE Choppa
17%
Murda Talk 22,118,432 NLE Choppa
17%
Neighborhood Watch 8,123,668 NLE Choppa
17%
Paranoid 4,471,771 NLE Choppa
17%
Top Shotta Flow 20,770,062 NLE Choppa
17%
Watch Out for the Narcs 4,616,289 NLE Choppa
17%
Who TF Up In My Trap 9,277,866 NLE Choppa
17%
No matching quizzes found
Score Distribution
Percent of People with Each Score
Percentile by Number Answered
Your Score History
You have not taken this quiz